| 000 | 00421cam a2200169ua 4500 | ||
|---|---|---|---|
| 041 |
_aeng _h |
||
| 082 |
_a828.09 _bBRO/JB |
||
| 100 | _aBrown, Ivor . | ||
| 245 |
_aJ B Priestley / _cIvor Brown. _hTextual Documents |
||
| 250 |
_a1 / _b. |
||
| 260 |
_aLondon : _bBritish Council and the national book league , _c1964. |
||
| 300 | _a43 ; . | ||
| 504 | _a | ||
| 942 | _cBK | ||
| 999 |
_c3922 _d3922 |
||